000 00493nam a22001577a 4500
003 OSt
005 20151117140412.0
008 151117b xxu||||| |||| 00| 0 eng d
040 _cRUA
082 _aFIS ហ៊ាន 1990 B144 Or.1
100 _93781
_aហ៊ាន វឌ្ឍនា
245 _aការចិញ្ចឹមទោលនិងចំរុះត្រីកាបស៊ីស្មៅ
260 _aPhnom Penh
_bRUA
_c1990
300 _a151p.
_bill.
_c29cm.
942 _2ddc
_cFIS
999 _c3518
_d3518